00357nam a2200097Ia 4500008004100000040002900041050003000070100002600100245009900126260003400225230222s9999||||xx |||||||||||||| ||und|| cChuka University Library aBSL THE HD 257 bM93 2015 aMwambia, Mbaabu Jonah 0aEffect of strategic chang on performance of directorate of land in Tharaka Nithi County, Kenya aChuka UniversitybChukac2015